Southville International School and Colleges
Your cart is empty.
  • Cart
  • Lists
    Public lists Eva Luna New books Lux_list list_1
    Your lists Log in to create your own lists
  • Log in to your account
  • Your cookies
  • Search history
Southville International School and Colleges
  • Advanced search
  • Recent comments
  • Most popular
  • Libraries

Log in to your account

Log in with GOOGLE


If you do not have an external account, but do have a local account, you can still log in:

  1. Home
  2. MARC view: The Psychology of adolescence /
Normal view MARC view ISBD view

The Psychology of adolescence / (Record no. 2636)

[ view plain ]
MARC details
000 -LEADER
fixed length control field 00606nam a22002297a 4500
003 - CONTROL NUMBER IDENTIFIER
control field OSt
005 - DATE AND TIME OF LATEST TRANSACTION
control field 20140310181737.0
008 - FIXED-LENGTH DATA ELEMENTS--GENERAL INFORMATION
fixed length control field 130208t xxu||||| |||| 00| 0 eng d
020 ## - INTERNATIONAL STANDARD BOOK NUMBER
International Standard Book Number 9712307468
050 ## - LIBRARY OF CONGRESS CALL NUMBER
Classification number LB 1135
Item number .K17 1971
082 ## - DEWEY DECIMAL CLASSIFICATION NUMBER
Classification number TR 155
Item number K11 1971
100 ## - MAIN ENTRY--PERSONAL NAME
Personal name Kapunan, Rocio Reyes
9 (RLIN) 94
245 ## - TITLE STATEMENT
Title The Psychology of adolescence /
Statement of responsibility, etc Rocio Reyes Kapunan.
260 ## - PUBLICATION, DISTRIBUTION, ETC. (IMPRINT)
Place of publication, distribution, etc Manila
Name of publisher, distributor, etc Rex
Date of publication, distribution, etc c1971
300 ## - PHYSICAL DESCRIPTION
Extent viii, 204 p. ;
Dimensions 22.2 cm.
521 ## - TARGET AUDIENCE NOTE
Target audience note
541 ## - IMMEDIATE SOURCE OF ACQUISITION NOTE
-- 1
562 ## - COPY AND VERSION IDENTIFICATION NOTE
Number of copies 1
600 ## - SUBJECT ADDED ENTRY--PERSONAL NAME
Personal name Kapunan, Rocio Reyes
9 (RLIN) 95
610 ## - SUBJECT ADDED ENTRY--CORPORATE NAME
Corporate name or jurisdiction name as entry element Adolescence
9 (RLIN) 103
942 ## - ADDED ENTRY ELEMENTS (KOHA)
Source of classification or shelving scheme Library of Congress Classification
Koha item type
Call number prefix
Holdings
Withdrawn status Lost status Source of classification or shelving scheme Damaged status Home library Current library Shelving location Date acquired Total Checkouts Full call number Barcode Date last seen Copy number Price effective from Koha item type
    Library of Congress Classification   Luxembourg Library Luxembourg Library Teachers Reference Section 03/20/2013   LB 1135 .K17 1971 9299 08/13/2013 1 10/03/2013 Books

The Psychology of adolescence /

APA

Kapunan R. R., . (1971). The Psychology of adolescence. Manila: Rex.

Chicago

Kapunan Rocio Reyes, . 1971. The Psychology of adolescence. Manila: Rex.

Harvard

Kapunan R. R., . (1971). The Psychology of adolescence. Manila: Rex.

MLA

Kapunan Rocio Reyes, . The Psychology of adolescence. Manila: Rex. 1971.

  • Place hold
  • Print
  • Cite
  • Add to your cart (remove)
  • Save record
    BIBTEX Dublin Core MARCXML MARC (non-Unicode/MARC-8) MARC (Unicode/UTF-8) MARC (Unicode/UTF-8, Standard) MODS (XML) RIS
  • More searches
    Search for this title in:
    Other Libraries (WorldCat) Other Databases (Google Scholar) Online Stores (Bookfinder.com) Open Library (openlibrary.org)

Exporting to Dublin Core...

SOUTHVILLE LIBRARY

Southville International School and Colleges Library

1281 Tropical Ave. Cor. Luxembourg St., BF Homes International, Las Pinas City

Tel. No. 8256374 / 252358 Loc. 117/146

Powered by Koha